00568nam a22001697a 4500020001800000082002100018100003100039245008200070260003600152300001000188650002300198650002500221650001500246942000700261999001900268952011100287 a9788119443321 aM 894.812bSUV/P aSuvitha Jinto Puthenveetil aPadavukal:bK TET malayalam pareekshapadavali/cby Suvitha Jinto Puthenveetil aKozhikkode:bAtma books,c2023. a384p. aLanguage Malayalam aLiterature Malayalam aLiterature cBK c181754d181754 00104070aSSUSbSSUScSTACKSd2026-05-22g700.00l0oM 894.812 SUV/Pp108882r2026-05-22w2026-05-22yBK